000 00564nam a2200205Ia 4500
003 OSt
005 20230530145709.0
008 210423s2009 xx 000 0 und d
020 _a978-0-19-567390-6
040 _cAL
041 _aeng
082 _a658.81 PANS
100 _aPANDA (Tapan K);SAHADEV (Sunil)
_9117068
245 _aSales and distribution management
260 _aNew Delhi
_bOxford University Press
_c2009
300 _ax,698
_bPB
650 _aMarketing Management
_9117069
906 _adistribution ; management ; Sales
942 _2ddc
_cBK
999 _c168438
_d168438